Quality circles : a team approach to problem solving /

Bibliographic Details
Main Author: Gryna, Frank M.
Format: Book
Language:English
Published: New York, N.Y. : AMACOM, [1981]
Series:AMA research study.
Subjects:

MARC

Tag First Indicator Second Indicator Subfields
LEADER 00000pam a2200000 a 4500
001 in00000074185
005 20151008060230.0
008 810323s1981 nyua b 00010 eng
010 |a  81002840  
020 |a 0814435033 (pbk.) :  |c $13.50 ($10.00 to members) 
035 |a (OCoLC)07329325 
035 |9 AAJ5352AM 
039 0 |a 2  |b 3  |c 3  |d 3  |e 3 
040 |a DLC  |c DLC  |d TXA  |d UtOrBLW 
049 |a TXAM  |c 1 [1272063]c2 [1502496] 
050 0 0 |a HD66  |b .G79 
082 0 |a 658.4/036  |2 19 
100 1 |a Gryna, Frank M. 
245 1 0 |a Quality circles :  |b a team approach to problem solving /  |c Frank M. Gryna, Jr. 
264 1 |a New York, N.Y. :  |b AMACOM,  |c [1981] 
264 4 |c ©1981 
300 |a 96 pages :  |b illustrations ;  |c 23 cm. 
336 |a text  |b txt  |2 rdacontent 
337 |a unmediated  |b n  |2 rdamedia 
338 |a volume  |b nc  |2 rdacarrier 
490 1 |a An AMA research study 
504 |a Bibliography: pages 95-96. 
650 0 |a Teams in the workplace. 
830 0 |a AMA research study. 
999 |a MARS 
999 f f |s b99f2605-0417-38e1-a5f5-aeaace413103  |i c0fec81e-1bd5-378f-bfc6-721c41192de6  |t 0 
952 f f |p normal  |a Texas A&M University  |b College Station  |c Sterling C. Evans Library  |d Evans: Library Stacks  |t 0  |e HD66 .G79  |h Library of Congress classification  |i unmediated -- volume  |m A14806124663 
952 f f |p ric  |a Texas A&M University  |b Rellis Campus  |c Joint Library Facility  |d Remote Storage  |t 0  |e HD66 .G79  |h Library of Congress classification  |i unmediated -- volume  |m A14806124655 
998 f f |a HD66 .G79  |t 0  |l Remote Storage 
998 f f |a HD66 .G79  |t 0  |l Evans: Library Stacks